Loading...
| History - European | 5 | 1 | 1 | 0 | 80 | 39 | 62.00 | 3 | 6 | 0.00 | 0.00 |
| History - World | 4 | 3 | 5 | 1 | 65 | 14 | 61.86 | 2 | 6 | 0.00 | 0.00 |
| Other Academic | 2 | 3 | 1 | 2 | 55 | 73 | 94.00 | 2 | 4 | 0.00 | 0.00 |
| Mythology | 3 | 1 | 0 | 0 | 55 | 19 | 50.25 | 1 | 3 | 0.00 | 0.00 |
| Philosophy | 0 | 5 | 0 | 1 | 50 | 82 | 112.60 | 1 | 3 | 0.00 | 0.00 |
| Literature - Poetry | 1 | 4 | 1 | 1 | 50 | 87 | 101.20 | 1 | 4 | 0.00 | 0.00 |
| Geography | 0 | 5 | 1 | 2 | 45 | 105 | 123.60 | 0 | 4 | 0.00 | 0.00 |
| Fine Arts - Other | 1 | 3 | 1 | 0 | 40 | 45 | 103.50 | 2 | 3 | 0.00 | 0.00 |
| Literature - Long Fiction | 0 | 4 | 1 | 0 | 35 | 88 | 106.25 | 0 | 3 | 0.00 | 0.00 |
| History - American | 0 | 3 | 0 | 0 | 30 | 82 | 94.33 | 1 | 2 | 0.00 | 0.00 |
| Science - Biology | 2 | 0 | 1 | 0 | 25 | 29 | 38.50 | 2 | 2 | 0.00 | 0.00 |
| Fine Arts - Painting and Sculpture | 0 | 3 | 1 | 0 | 25 | 79 | 103.00 | 1 | 2 | 0.00 | 0.00 |
| Literature - Drama | 0 | 3 | 1 | 1 | 25 | 94 | 116.67 | 0 | 1 | 0.00 | 0.00 |
| Religion | 1 | 1 | 1 | 0 | 20 | 49 | 73.50 | 1 | 1 | 0.00 | 0.00 |
| Literature - Misc | 1 | 0 | 0 | 0 | 15 | 62 | 62.00 | 1 | 1 | 0.00 | 0.00 |
| Short Fiction and Other | 1 | 0 | 0 | 0 | 15 | 58 | 58.00 | 0 | 1 | 0.00 | 0.00 |
| History - Ancient | 1 | 0 | 0 | 0 | 15 | 51 | 51.00 | 1 | 1 | 0.00 | 0.00 |
| Fine Arts - Classical Music | 0 | 2 | 2 | 1 | 10 | 112 | 124.50 | 0 | 1 | 0.00 | 0.00 |
| Science - Other | 0 | 1 | 0 | 0 | 10 | 71 | 71.00 | 1 | 1 | 0.00 | 0.00 |
| Social Science | 1 | 1 | 4 | 0 | 5 | 71 | 75.50 | 1 | 2 | 0.00 | 0.00 |
| History - Other | 1 | 0 | 3 | 0 | 0 | 16 | 16.00 | 1 | 1 | 0.00 | 0.00 |
| Current Events | 0 | 0 | 1 | 0 | -5 | 0.00 | 0 | 0 | 0.00 | 0.00 |